000
00307nam a22001337a 4500
008
171002b xxu||||| |||| 00| 0 eng d
020
_a
9780471151654
041
_a
eng
080
_2
7 ED
_a
37
100
_a
47
101
_a
EDU
245
_a
SUPERVISION FOR TODAYS SCHOOLS
_c
OLIVA.P.F
942
_2
udc
_c
BK
999
_c
31048
_d
31048